Big Bang Theory: Lizard-Spock Quiz Stats

 Plays Quiz not verified by Sporcle

Challenge
Share
Tweet
Score 0/10 Timer 06:00
0 Plays Today
% Correct
Paper covers...
100%
Scissors cuts...
98.6%
Scissors decapitates...
97.3%
And as it always has, rock crushes...
97.3%
Lizard poisons...
95.9%
Paper disproves...
95.9%
Spock vaporizes...
95.9%
Rock crushes...
94.6%
Spock smashes...
94.6%
Lizard eats...
94.6%

You're not logged in!

Compare scores with friends on all Sporcle quizzes.
Join for Free
OR
Log In

You Might Also Like...

Show Comments

Extras

Created Dec 21, 2014ReportNominate
Tags:Clickable Quiz, bang, rule, theory

Top Quizzes Today


Score Distribution

Your Account Isn't Verified!

In order to create a playlist on Sporcle, you need to verify the email address you used during registration. Go to your Sporcle Settings to finish the process.

Report this User

Report this user for behavior that violates our Community Guidelines.

Details: